Statystyki dla Geometry Dash - Kogo jest ten poziom ? 8)

Kliknij tutaj aby rozwiązać quiz!

Ogólne statystyki

  • Ten quiz został rozwiązany 16 razy
  • Średni wynik to 9 z 20

Statystyki odpowiedzi

Nazwa PoziomuKreator% Poprawnych
ChojniceJanucha
85%
RiderTexic
77%
Mandzio2018Supris
62%
PurgatoryItzMezzo
54%
ChargeTexic
54%
JacuzziTexic
54%
BeaNViralDL
54%
FirEViralDL
54%
CalmSupris
46%
MorceAnime Animator
38%
CadenceEzel142
38%
Mind FreezeItzMezzo
38%
Special EssenceItzMezzo
38%
SleekTheAlmightyWave
38%
Old MemoriesAnime Animator
31%
Avalon IIPawloGates
31%
WildFireTheAlmightyWave
31%
FlamETomsoNtm
31%
HizYVoltCreator
31%
ThE WorLdx8Px
31%

Rozkład punktacji

Percentyl według liczby udzielonych odpowiedzi

Procent ludzi z każdym wynikiem

Twoja historia wyników

Nie rozwiązałeś tego quizu